Statistics for Top 10 Countries in Executions

Click here to take the quiz!

General Stats

  • This quiz has been taken 188 times
  • The average score is 7 of 10

Answer Stats

Reported executions in 2014 (Amnesty International)Country% Correct
289+Iran
92%
2,400 ( Rough Estimate )China
90%
35USA
88%
61+Iraq
86%
90+Saudi Arabia
83%
22+Yemen
61%
15+Egypt
59%
23+Sudan
49%
14+Somalia
47%
11Jordan
40%

Score Distribution

Percentile by Number Answered

Percent of People with Each Score

Your Score History

You have not taken this quiz